| 000 | 00527nam a2200205Ia 4500 | ||
|---|---|---|---|
| 003 | GCL | ||
| 008 | 140319s9999 xx 000 0 eng d | ||
| 040 |
_aGCL / _cGCL |
||
| 082 | 0 | 4 |
_a935 _bN E |
| 100 | 1 | _aNORTHEDGE, ALASTAIR | |
| 245 | 1 | 0 |
_aEXCAVATIONS AT ANA / _cNORTHEDGE, ALASTAIR |
| 700 | 1 | _aBAMBER, ANDRINA | |
| 700 | 1 | _aROOF, MICHAEL | |
| 260 |
_a[S.N] : _bARIS AND PHILLIPS LTD ، _c1988 |
||
| 650 | 0 | 4 | _aEXCAVACTIONS |
| 650 | 0 | 4 | _aIRAQ - STORIES |
| 650 | 0 | 4 | _aIRAQ - HISTORY |
| 650 | 0 | 4 | _aANA |
| 942 |
_2ddc _cBK |
||
| 999 |
_c12200 _d12200 |
||